000 01214nam0a2200301 4500
001 RU\NLR\BIBL_A\010687566
005 20260406061439.0
010 _a5-222-00181-4
_910000
035 _a(NLR Aleph) 010687566
090 _a9670019
_c9670019
100 _a20150302d1998 |||y0rusy50 ca
101 0 _arus
_cfre
102 _aRU
105 _aa|||z|||000zy
200 1 _aКлеопатра
_fПьер Декс
_g[пер. с фр. Святослава Свяцкого]
210 _aРостов-на-Дону
_cФеникс
_d1998
215 _a315, [2] с.
_d21
225 1 _aСлед в истории
320 _aБиблиогр. в подстроч. примеч.
320 _aДр. книги авт.: с. 2
600 0 _aКлеопатра
_cцарица египетская
_f69 - 30 до н.э.
_92098498
_3RU\NLR\AUTH\661269446
686 1 _aТ3(0)322.1-8
700 1 _7ca
_8rus
_aДэкс
_bП.
_f1922-2014
_gПьер
_9169128
_3RU\NLR\AUTH\770169178
702 0 _4570
_8rus
_7ca
_aКлеопатра
_cцарица египетская
_f69-30 до н.э.
_3RU\NLR\AUTH\7711675
_9121416
942 _cBOOK
980 _aNB